000 01225nam a22002777a 4500
005 20240530110541.0
008 151209s2013 sy g b 000 0 ara d
020 _a9789933433765
040 _aEG-CaGPL
082 0 4 _221
_a964.008\
_bم م
100 0 _aمحمد حالى
245 1 2 _aالمجتمع و الازمات الديموغرافية فى تاريخ المغرب فى القرن الثامن ( 1727 - 1757 ) :
_bمساهمة فى الديموغرافيا التاريخية \
_cتاليف محمد حالى
250 _aط1
260 _aدمشق :
_bالنايا للدراسات و النشر و التوزيع ،
_c2013 .
300 _a296 ص ؛
_c20 سم .
504 _aيشتمل على ارجاعات ببليوجرافية
651 0 4 _aالمغرب
_xتاريخ
651 0 4 _aالمغرب
_xالاحوال الاجتماعية
651 0 4 _aالمغرب
_xالاحوال الاقتصادية
651 0 4 _aالمغرب
_xالعادات و التقاليد
651 0 4 _aالمغرب
_xالازمات الديموغرافية
651 0 4 _aالمغرب
_xالسكان
651 0 4 _aالمغرب
_xتاريخ
_xالمجاعات
942 _2ddc
_cBK
999 _c62266
_d62266